书目信息 |
| 题名: |
理论力学:工程静力学
|
|
| 作者: | 和兴锁 主编 | |
| 分册: | ||
| 出版信息: | 西安 西北工业大学出版社 2001.06 |
|
| 页数: | 161页 | |
| 开本: | 20cm | |
| 丛书名: | ||
| 单 册: | ||
| 中图分类: | TB121 | |
| 科图分类: | ||
| 主题词: | 工程力学 | |
| 电子资源: | ||
| ISBN: | 7-5612-1331-X | |
| 000 | 00614nam0 2200205 45 | |
| 001 | 0231788205 | |
| 005 | 2002061108494820 | |
| 010 | @a7-5612-1331-X@dRMB 8.00 | |
| 100 | @a20020611d2001 km y0chiy0120 ea | |
| 101 | 0 | @achi |
| 102 | @aCN@b610000 | |
| 200 | 1 | @a理论力学:工程静力学@ALi Lun Li Xue:Gong Cheng Jing Li Xue@f和兴锁主编@FHe Xing Suo Zhu Bian |
| 210 | @a西安@c西北工业大学出版社@d2001.06 | |
| 215 | @a161页@d20cm | |
| 300 | @a全国基础力学课程教学基地系列教材 | |
| 606 | 0 | @a工程力学 |
| 690 | @aTB121@v3 | |
| 701 | 0 | @a和兴锁@AHe Xing Suo@4主编 |
| 801 | 0 | @aCN@bPFT@c20020611 |
| 905 | @a10447@dTB121@eH230 | |
| 理论力学:工程静力学/和兴锁主编.-西安:西北工业大学出版社,2001.06 |
| 161页;20cm |
| 全国基础力学课程教学基地系列教材 |
| ISBN 7-5612-1331-X:RMB 8.00 |
| ● |
| 相关链接 |
|
|
|
正题名:理论力学:工程静力学
索取号:TB121/H230
 
预约/预借
| 序号 | 登录号 | 条形码 | 馆藏地/架位号 | 状态 | 备注 |
| 1 | 360204 | 203602048 | 自科库501/501自科库 4排1列1层/ [索取号:TB121/H230] | 在馆 | |
| 2 | 360205 | 203602057 | 自科库501/501自科库 4排1列1层/ [索取号:TB121/H230] | 在馆 | |
| 3 | 360206 | 203602066 | 自科库501/501自科库 4排1列1层/ [索取号:TB121/H230] | 在馆 |